[Event "O pohar mesta Ricany 2016"]
[Site "Kulturni centrum Labut, 17. Listopadu 214 25101 Ricany"]
[Date "2016.08.28"]
[Round "3.12"]
[White "Steiner, Juraj"]
[Black "Havelka, Petr"]
[Result "1-0"]
[WhiteElo "2044"]
[BlackElo "1827"]
[PlyCount "0"]
[EventDate "2016.08.28"]

1. d4 d5 2. c4 e6 3. Nc3 Nf6 4. Bg5 Be7 5. e3 O-O 6. Nf3 Nbd7 7. Rc1 dxc4
8. Bxc4 Nb6 9. Bd3 Nbd5 10. O-O Nxc3 11. bxc3 b6 12. Qe2 c5 13. Rfd1 cxd4
14. Nxd4 Qd5 15. f4 Bb7 16. c4 Qa5 17. Rb1 Qc5 18. Kh1 Ne4 19. Qf3 Nd6 20. Bxh7+
Kxh7 21. Qh3+ Kg8 22. Bxe7 Rfe8 23. Bxd6 Qxd6 24. Rb5 Qc7 25. Rh5 Kf8 26. Qh4 f6
27. f5 exf5 28. Nxf5 Red8 29. Rh8+ Kf7 30. Qh5+ Ke6 31. Nd4+ Ke7 32. Qg6 Rg8
33. Rh7 1-0

[Event "O pohar mesta Ricany 2016"]
[Site "Kulturni centrum Labut, 17. Listopadu 214 25101 Ricany"]
[Date "2016.08.28"]
[Round "3.13"]
[White "Postupa, Pavel"]
[Black "Maslo, Ondrej"]
[Result "1-0"]
[WhiteElo "1982"]
[BlackElo "1750"]
[PlyCount "0"]
[EventDate "2016.08.28"]

1. e4 c5 2. f4 g6 3. Nc3 Bg7 4. Nf3 Nc6 5. Bb5 d6 6. O-O Nf6 7. Re1 Be6 8. e5
dxe5 9. Nxe5 O-O 10. Bxc6 bxc6 11. d3 Qb6 12. Na4 Qb5 13. b3 Rfc8 14. Bb2 Nd7
15. Qf3 Nxe5 16. fxe5 c4 17. d4 cxb3 18. axb3 Qd5 19. Qe3 Bf5 20. c4 Qd8 21. Nc5
Rcb8 22. Qf3 Qc8 23. Ra4 Rb6 24. Rea1 Qc7 25. Bc3 Qc8 26. Rxa7 Rxa7 27. Rxa7 Qb8
28. Ra3 Qc8 29. Qe2 Bh6 30. Ba5 Rb8 31. b4 Bg4 32. Qf1 Ra8 33. h3 Bf5 34. Qe2
Bb1 35. Qb2 Bf5 36. b5 cxb5 37. cxb5 Rxa5 38. Rxa5 Bxh3 39. Ra3 1-0

[Event "O pohar mesta Ricany 2016"]
[Site "Kulturni centrum Labut, 17. Listopadu 214 25101 Ricany"]
[Date "2016.08.28"]
[Round "3.14"]
[White "Civin, Dominik"]
[Black "Voracek, Zdenek"]
[Result "0-1"]
[WhiteElo "1777"]
[BlackElo "1977"]
[PlyCount "0"]
[EventDate "2016.08.28"]

1. c4 Nf6 2. Nc3 c5 3. g3 d5 4. cxd5 Nxd5 5. Bg2 Nc7 6. Qa4+ Nd7 7. d3 e5
8. Nf3 f6 9. Be3 Be7 10. Ne4 b5 11. Qc2 Nd5 12. Bxc5 Nxc5 13. Nxc5 Qc7 14. Rc1
Nb4 15. Qb3 Bxc5 16. d4 exd4 17. Nxd4 Rb8 18. a3 Qd6 19. O-O Bxd4 20. axb4 Be6
21. Qd3 O-O 22. Rc6 Qd7 23. Rfc1 Bc4 24. Qc2 Rbc8 25. e3 Rxc6 26. Bxc6 Qxc6
27. exd4 Qf3 0-1

[Event "O pohar mesta Ricany 2016"]
[Site "Kulturni centrum Labut, 17. Listopadu 214 25101 Ricany"]
[Date "2016.08.28"]
[Round "3.15"]
[White "Hadrava, Jaroslav"]
[Black "Hampel, Rudolf"]
[Result "1-0"]
[WhiteElo "1972"]
[BlackElo "1710"]
[PlyCount "0"]
[EventDate "2016.08.28"]

1. e4 c5 2. Nf3 d6 3. c3 g6 4. Bd3 Bg7 5. h3 e6 6. O-O Ne7 7. Bc2 O-O 8. d4 Nd7
9. Re1 b6 10. Bf4 Nf6 11. dxc5 dxc5 12. Nbd2 Bb7 13. Nc4 Nc8 14. Qe2 Ba6
15. Rad1 Qe7 16. Bb3 Qb7 17. Qe3 Bxc4 18. Bxc4 Ne7 19. Ne5 Rfd8 20. Ng4 Nxg4
21. hxg4 Nc6 22. Bg5 Re8 23. Bb5 a6 24. Bxc6 Qxc6 25. e5 Qb5 26. Rd2 c4 27. Bf6
h6 28. Qf3 Ra7 29. Red1 Bf8 30. Qh3 Kh7 31. g5 a5 32. gxh6 Be7 33. Qf3 a4
34. Bxe7 Rexe7 35. Qf6 1-0

[Event "O pohar mesta Ricany 2016"]
[Site "Kulturni centrum Labut, 17. Listopadu 214 25101 Ricany"]
[Date "2016.08.28"]
[Round "3.16"]
[White "Pivonka, Michael"]
[Black "Pribyl, Jaroslav"]
[Result "0-1"]
[WhiteElo "1692"]
[BlackElo "1960"]
[PlyCount "0"]
[EventDate "2016.08.28"]

1. d4 d5 2. c4 c6 3. Nc3 Nf6 4. Nf3 e6 5. Bg5 Be7 6. e3 O-O 7. Bd3 Nbd7 8. O-O
Re8 9. a3 h6 10. Bh4 a6 11. Rc1 dxc4 12. Bxc4 b5 13. Ba2 Bb7 14. Qe2 c5 15. dxc5
Nxc5 16. Rfd1 Qb6 17. b4 Nce4 18. Nxe4 Bxe4 19. Ne5 Rad8 20. f3 Bd5 21. Bf2 Bxa2
22. e4 Rxd1+ 0-1

[Event "O pohar mesta Ricany 2016"]
[Site "Kulturni centrum Labut, 17. Listopadu 214 25101 Ricany"]
[Date "2016.08.28"]
[Round "3.17"]
[White "Simak, Roman"]
[Black "Skokan, Frantisek"]
[Result "0-1"]
[WhiteElo "1650"]
[BlackElo "1930"]
[PlyCount "0"]
[EventDate "2016.08.28"]

1. d4 Nf6 2. c4 e6 3. Nc3 b6 4. Nf3 Bb7 5. g3 Bb4 6. Bd2 Nc6 7. e3 O-O 8. Bg2
Ba6 9. b3 d5 10. cxd5 Bxc3 11. Bxc3 Nxd5 12. Qc2 Ncb4 13. Bxb4 Nxb4 14. Qd2 Nd3+
15. Kd1 Qf6 16. Kc2 c5 0-1

[Event "O pohar mesta Ricany 2016"]
[Site "Kulturni centrum Labut, 17. Listopadu 214 25101 Ricany"]
[Date "2016.08.28"]
[Round "3.18"]
[White "Vavrinec, Tomas"]
[Black "Jirousek, Tadeas"]
[Result "1-0"]
[WhiteElo "1920"]
[BlackElo "1577"]
[PlyCount "0"]
[EventDate "2016.08.28"]

1. c4 c5 2. Nc3 Nc6 3. Nf3 e5 4. g3 g6 5. Bg2 Bg7 6. O-O Nge7 7. a3 d6 8. Rb1
Be6 9. d3 Rc8 10. b4 b6 11. Ng5 Qd7 12. b5 Nd4 13. Nd5 Bxd5 14. cxd5 Nxb5
15. Bh3 f5 16. Ne6 Bf6 17. Qb3 Nd4 18. Qa2 Nxe6 19. dxe6 Qc6 20. e4 d5 21. exf5
Nxf5 22. Bg2 Rd8 23. Re1 Qxe6 24. f4 Kf7 25. fxe5 Bg7 26. Bg5 Rd7 27. g4 Nd4
28. h3 Bxe5 29. Rf1+ Ke8 30. Rbe1 Nc6 31. Kh1 Rf8 32. Rxf8+ Kxf8 33. Qe2 Qd6
34. Bh6+ Kg8 35. Qa2 Nd4 36. Rf1 Ne6 37. Qf2 Bg7 38. Bd2 Qe7 39. Re1 Qf7 40. Qe3
Nd4 41. Qg5 Qf6 42. Bxd5+ Rxd5 43. Qxd5+ Kf8 44. Qa8+ 1-0

[Event "O pohar mesta Ricany 2016"]
[Site "Kulturni centrum Labut, 17. Listopadu 214 25101 Ricany"]
[Date "2016.08.28"]
[Round "3.19"]
[White "Palla, Ivan"]
[Black "Koper, Stefan"]
[Result "0-1"]
[WhiteElo "1553"]
[BlackElo "1917"]
[PlyCount "0"]
[EventDate "2016.08.28"]

1. Nf3 g6 2. g3 Bg7 3. Bg2 c5 4. d4 cxd4 5. Nxd4 Nc6 6. c3 Nxd4 7. cxd4 Qb6
8. e3 h5 9. h3 e6 10. Qb3 Qxb3 11. axb3 d5 12. Nc3 Bd7 13. Bf1 Ne7 14. Bb5 Nc6
15. Na4 O-O 16. Bd2 Rfb8 17. Nc5 Be8 18. O-O a6 19. Bd3 e5 20. dxe5 Nxe5 21. Be2
Bb5 22. Bxb5 Nf3+ 23. Kg2 Nxd2 24. Rfd1 Ne4 25. Nxe4 dxe4 26. Bc4 Re8 27. Rd7
Rf8 28. Rad1 b5 29. Bd5 Rae8 30. Ra7 Bxb2 31. Rxa6 Kg7 32. Bc6 Re5 33. Rd5 Rxd5
34. Bxd5 f5 35. Ra7+ Kh6 36. Ra2 Bc3 37. Rc2 b4 38. Bc4 Ra8 39. f3 exf3+
40. Kxf3 Ra5 41. Re2 Ra1 42. e4 Ra5 43. Bd5 Kg5 44. h4+ Kf6 45. Bc4 Be5 46. exf5
gxf5 47. Kg2 Ra7 48. Kh3 Rg7 49. Re3 f4 50. gxf4 Bxf4 51. Rf3 Ke5 52. Rd3 Ke4
53. Bb5 Rc7 0-1

[Event "O pohar mesta Ricany 2016"]
[Site "Kulturni centrum Labut, 17. Listopadu 214 25101 Ricany"]
[Date "2016.08.28"]
[Round "3.20"]
[White "Kovar, Jan"]
[Black "Zvolensky, David"]
[Result "1-0"]
[WhiteElo "1912"]
[BlackElo "1585"]
[PlyCount "0"]
[EventDate "2016.08.28"]

1. e4 c5 2. Nf3 Nc6 3. Bb5 g6 4. Bxc6 bxc6 5. O-O Bg7 6. c3 e6 7. d4 cxd4
8. cxd4 d5 9. e5 Ne7 10. Nc3 O-O 11. Na4 Nf5 12. Re1 Rb8 13. b3 f6 14. Bf4 Rb7
15. Rc1 Rbf7 16. exf6 Bxf6 17. Be5 Nh4 18. Nxh4 Bxe5 19. Rxe5 Qxh4 20. g3 Qh3
21. f4 Ba6 22. Nc5 Bc8 23. Qf1 Qh6 24. Nxe6 Bxe6 25. Rxe6 Rxf4 26. gxf4 Rxf4
27. Qg2 Rf5 28. Rc3 Qf4 29. Rce3 Qxd4 30. Kh1 g5 31. Qh3 g4 32. Re8+ Kg7
33. R8e7+ Kf8 34. Qh6+ Kg8 35. Re8+ 1-0

[Event "O pohar mesta Ricany 2016"]
[Site "Kulturni centrum Labut, 17. Listopadu 214 25101 Ricany"]
[Date "2016.08.28"]
[Round "3.21"]
[White "Pospichal, Michael"]
[Black "Skacel, Jan"]
[Result "0-1"]
[WhiteElo "1650"]
[BlackElo "2030"]
[PlyCount "0"]
[EventDate "2016.08.28"]

1. e4 Nf6 2. Nc3 d5 3. exd5 Nxd5 4. Bc4 Nb6 5. Bb3 c5 6. d3 Nc6 7. Be3 e6
8. Ne4 Nd5 9. c3 Nxe3 10. fxe3 Qh4+ 11. Nf2 Be7 12. Nf3 Qh6 13. Qe2 O-O 14. d4
g6 15. O-O Qg7 16. Nd3 cxd4 17. exd4 Bd7 18. Nfe5 Rad8 19. Nxd7 Rxd7 20. Bxe6
Nxd4 21. cxd4 Qxd4+ 22. Nf2 fxe6 23. Rad1 Qxf2+ 24. Rxf2 Rxd1+ 25. Qxd1 Bc5
26. Qd7 Bxf2+ 27. Kf1 Bd4+ 28. Ke2 e5 29. b4 Rf7 30. Qc8+ Kg7 31. Kd3 h5 32. Ke4
Kh7 33. Kd5 Kg7 {dale necitelne} 0-1

[Event "O pohar mesta Ricany 2016"]
[Site "Kulturni centrum Labut, 17. Listopadu 214 25101 Ricany"]
[Date "2016.08.28"]
[Round "3.22"]
[White "Grecny, Karol"]
[Black "Stork, Rostislav"]
[Result "1-0"]
[WhiteElo "1934"]
[BlackElo "1779"]
[PlyCount "0"]
[EventDate "2016.08.28"]

1. e4 e5 2. Nf3 Nf6 3. d3 Nc6 4. Be2 d5 5. exd5 Nxd5 6. Nc3 Bb4 7. Bd2 O-O
8. O-O Nxc3 9. bxc3 Bc5 10. a4 a5 11. Rb1 Re8 12. Rb5 b6 13. Be3 Bd6 14. Nd2 Na7
15. Rb1 Bd7 16. Ra1 Bc6 17. Nc4 Qd7 18. Nxd6 Qxd6 19. Bf3 Rad8 20. c4 e4
21. dxe4 Bxe4 22. Bxe4 Rxe4 23. Qf3 Qe6 24. Rad1 Re8 25. c5 bxc5 26. Bxc5 Nc6
27. Qb3 Qc4 28. Be3 Nb4 29. Rd2 h6 30. Rfd1 R8e7 31. Qb2 c6 32. g3 Nd5 33. Rd4
Rxd4 34. Rxd4 Qe2 35. Bd2 Nf6 36. h3 Ne4 37. Be3 Nxg3 38. Qb8+ Kh7 39. Qxg3 Qxc2
40. Rg4 f6 41. Qd6 Rb7 42. Qf8 Qd1+ 43. Kh2 Qf3 44. Rg2 Qh5 45. Qc8 Qe5+ 46. Rg3
Rc7 47. Qb8 1-0

[Event "O pohar mesta Ricany 2016"]
[Site "Kulturni centrum Labut, 17. Listopadu 214 25101 Ricany"]
[Date "2016.08.28"]
[Round "3.23"]
[White "Kunc, Jan"]
[Black "Hejsek, Lukas"]
[Result "1-0"]
[WhiteElo "1832"]
[BlackElo "1668"]
[PlyCount "0"]
[EventDate "2016.08.28"]

1. e4 c5 2. Nf3 g6 3. c4 Nc6 4. d4 cxd4 5. Nxd4 Bg7 6. Be3 Nf6 7. Nc3 Ng4
8. Qxg4 Nxd4 9. Qd1 Ne6 10. Rc1 Qa5 11. a3 O-O 12. Be2 d6 13. O-O Bd7 14. f4 Bc6
15. Bf3 Nc5 16. Bxc5 dxc5 17. e5 Rfd8 18. Qe2 Bxf3 19. Rxf3 Rd4 20. Rd1 Rad8
21. Rfd3 a6 22. Qe3 Rxd3 23. Rxd3 Rxd3 24. Qxd3 b5 25. cxb5 axb5 26. Qxb5 Qd8
27. Qe2 Qd4+ 28. Qf2 Qd3 29. a4 h6 30. h3 f6 31. Qxc5 Kh7 32. a5 fxe5 33. fxe5
Qg3 34. Qxe7 Qe3+ 35. Kh2 Qf4+ 36. Kg1 Qe3+ 37. Kh1 Qc1+ 38. Kh2 Qf4+ 39. Kg1
Qe3+ 40. Kf1 Qc1+ 41. Kf2 Qxb2+ 42. Ne2 Qxe5 43. Qxe5 Bxe5 44. a6 Bc7 45. Kf3
Bb6 46. Nc3 1-0

[Event "O pohar mesta Ricany 2016"]
[Site "Kulturni centrum Labut, 17. Listopadu 214 25101 Ricany"]
[Date "2016.08.28"]
[Round "3.24"]
[White "Paulovic, Milan"]
[Black "Novotny, Martin"]
[Result "1/2-1/2"]
[WhiteElo "1821"]
[BlackElo "1557"]
[PlyCount "0"]
[EventDate "2016.08.28"]

1. e4 c5 2. f4 g6 3. Nf3 Bg7 4. Be2 Nc6 5. Nc3 e6 6. O-O Nge7 7. Nb5 d6 8. c3
O-O 9. d4 cxd4 10. cxd4 a6 11. Nc3 d5 12. e5 Bd7 13. a3 Na5 14. Rb1 Rc8 15. Qe1
Qb6 16. b3 Nf5 17. Qd2 Qc7 18. Na2 Qc2 19. Rb2 Qxd2 20. Bxd2 Nc6 21. Bc3 Na7
22. Kf2 Bb5 23. g4 Ne7 24. Bb4 Rfe8 25. Bc5 Bxe2 26. Kxe2 Nac6 27. Rc1 Na5
28. Nd2 b5 29. Rbc2 Nac6 30. Nb4 Nxb4 31. axb4 Nc6 32. Bb6 Ne7 33. Rc7 Bf8
34. Nf3 Rxc7 35. Rxc7 1/2-1/2

[Event "O pohar mesta Ricany 2016"]
[Site "Kulturni centrum Labut, 17. Listopadu 214 25101 Ricany"]
[Date "2016.08.28"]
[Round "3.25"]
[White "Sadil, Jan"]
[Black "Novotna, Tereza"]
[Result "0-1"]
[WhiteElo "1798"]
[BlackElo "1566"]
[PlyCount "0"]
[EventDate "2016.08.28"]

1. d4 Nf6 2. c4 g6 3. Nc3 Bg7 4. e4 d6 5. Nf3 O-O 6. Be2 e5 7. d5 a5 8. O-O Na6
9. a3 Nc5 10. Qc2 Ne8 11. Be3 Nd7 12. b4 f5 13. Bg5 Bf6 14. Bxf6 Qxf6 15. Bd3 f4
16. Na4 g5 17. h3 h5 18. c5 g4 19. hxg4 hxg4 20. Nh2 Qh4 21. Qd1 Ndf6 22. cxd6
Nxd6 23. Qc2 Rf7 24. g3 Qh3 25. gxf4 exf4 26. e5 f3 27. Nxf3 gxf3 28. Bh7+ Rxh7
0-1

[Event "O pohar mesta Ricany 2016"]
[Site "Kulturni centrum Labut, 17. Listopadu 214 25101 Ricany"]
[Date "2016.08.28"]
[Round "3.26"]
[White "Konvalinka, Vladislav"]
[Black "Lhotsky, Zdenek"]
[Result "1/2-1/2"]
[WhiteElo "1696"]
[BlackElo "1853"]
[PlyCount "0"]
[EventDate "2016.08.28"]

1. d4 Nf6 2. c4 e6 3. g3 d5 4. Bg2 Be7 5. Nf3 O-O 6. O-O b6 7. cxd5 exd5 8. Qc2
Bb7 9. Ne5 c5 10. dxc5 bxc5 11. Nc3 Qc7 12. Nd3 a6 13. Nf4 d4 14. Ncd5 Nxd5
15. Nxd5 Bxd5 16. Bxd5 Nc6 17. Qe4 Rac8 18. Bxc6 Qxc6 19. Qxe7 Rfe8 20. Qg5 Rxe2
21. Bd2 h6 22. Qf4 g5 23. Qg4 Rxd2 24. b3 Re8 25. h4 Qe6 26. Qh5 Qg6 27. Qxg6+
fxg6 28. hxg5 hxg5 29. Rac1 Rxa2 30. Rxc5 d3 31. Rd1 g4 32. Rxd3 Ra1+ 33. Kg2
Ree1 34. Rd8+ Kh7 35. Rc7+ Kh6 36. Rh8+ Kg5 37. f4+ gxf3+ 38. Kxf3 Rf1+ 39. Ke2
Rae1+ 40. Kd2 Rb1 41. Rc3 1/2-1/2

[Event "O pohar mesta Ricany 2016"]
[Site "Kulturni centrum Labut, 17. Listopadu 214 25101 Ricany"]
[Date "2016.08.28"]
[Round "3.27"]
[White "Chromovsky, Hynek"]
[Black "Kuhnmund, Ivan"]
[Result "1/2-1/2"]
[WhiteElo "1724"]
[BlackElo "1709"]
[PlyCount "0"]
[EventDate "2016.08.28"]

1. c4 b6 2. Nf3 Bb7 3. e3 g6 4. Nc3 Bg7 5. d4 Nf6 6. Bd3 O-O 7. O-O d6 8. e4
Nbd7 9. h3 e5 10. Be3 exd4 11. Bxd4 Re8 12. Re1 Ne5 13. Nxe5 dxe5 14. Be3 c6
15. Qe2 Qc7 16. Rac1 Rad8 17. Bc2 Nd7 18. f3 Nf8 19. Qf2 Ne6 20. Red1 Rxd1+
21. Rxd1 Rd8 22. Rxd8+ Qxd8 23. Qd2 Qxd2 24. Bxd2 Nd4 25. Bb1 Ba6 26. Bd3 Bc8
27. Kf2 Bf8 28. Bg5 Kg7 29. Be3 Be7 30. g3 Bxh3 31. Bxd4 exd4 32. Ne2 c5 33. g4
Bh4+ 34. Kg1 h5 35. Nf4 hxg4 36. Nxh3 gxh3 37. Kh2 Kh6 38. f4 g5 39. Kxh3 Be1
40. Kg4 gxf4 41. Kxf4 f6 42. Kf5 Bh4 43. Be2 Kg7 44. Ke6 Kg6 45. e5 f5 46. Bd3
Kg5 47. Bxf5 Kf4 48. Bg6 Ke3 49. Kd5 d3 50. e6 d2 51. Bc2 Bf6 52. b3 Kf2 53. Kc6
Ke1 54. a4 d1=Q 55. Bxd1 Kxd1 56. Kb7 a5 57. Kxb6 Bd8+ 58. Kxc5 Kc2 59. b4 Be7+
60. Kd4 axb4 61. c5 b3 62. c6 b2 63. c7 b1=Q 64. c8=Q+ Kd2 65. Qc4 Qb6+ 66. Ke5
Qb8+ 67. Ke4 Qb1+ 68. Kf4 {dale necitelne} 1/2-1/2

[Event "O pohar mesta Ricany 2016"]
[Site "Kulturni centrum Labut, 17. Listopadu 214 25101 Ricany"]
[Date "2016.08.28"]
[Round "3.28"]
[White "Skrabanek, Matej"]
[Black "Kucera, Josef"]
[Result "1-0"]
[WhiteElo "1680"]
[BlackElo "1716"]
[PlyCount "0"]
[EventDate "2016.08.28"]

1. e4 g6 2. d4 Bg7 3. Nc3 d6 4. f4 Nf6 5. Nf3 O-O 6. Be2 c5 7. d5 a6 8. a4 Qa5
9. O-O b5 10. e5 Ne8 11. Bd2 b4 12. Ne4 Qc7 13. Nfg5 dxe5 14. f5 Bxf5 15. Rxf5
gxf5 16. Bb5 axb5 17. Qh5 h6 18. Rf1 Qb6 19. d6 exd6 20. Rxf5 d5 21. Rxf7 dxe4
22. Rxf8+ Bxf8 23. Qf7+ 1-0

[Event "O pohar mesta Ricany 2016"]
[Site "Kulturni centrum Labut, 17. Listopadu 214 25101 Ricany"]
[Date "2016.08.28"]
[Round "3.29"]
[White "Benes, Karel"]
[Black "Vilimova, Julie"]
[Result "1/2-1/2"]
[WhiteElo "1713"]
[BlackElo "1709"]
[PlyCount "0"]
[EventDate "2016.08.28"]

1. e4 c5 2. Nf3 d6 3. d4 cxd4 4. Nxd4 Nf6 5. Nc3 g6 6. Nb3 Nc6 7. f3 Bg7 8. Be3
Bd7 9. Qd2 Rc8 10. O-O-O a6 11. Kb1 b5 12. g4 Ne5 13. Be2 Nc4 14. Bxc4 Rxc4
15. Bh6 Bxh6 16. Qxh6 Qc7 17. Qd2 a5 18. Nd4 Qb6 19. g5 Nh5 20. Nd5 Qa7 21. Rhe1
Ng7 22. Ne2 Be6 23. Nef4 O-O 24. Qe3 Qb7 25. b3 Rc5 26. Rd2 Rfc8 27. Nxe6 Nxe6
28. f4 Ng7 29. h4 Ne8 30. Qe2 Kg7 31. h5 e6 32. h6+ Kf8 33. Nf6 Nxf6 34. gxf6 d5
35. exd5 Rxd5 36. Qe4 Rcd8 37. Rd3 Qc7 38. Rxd5 Rxd5 39. Qe3 Qc5 40. Qxc5+ Rxc5
41. Kc1 Ke8 42. Re4 Rf5 43. c3 Rxf6 44. a4 Rf5 45. Kd2 Rd5+ 46. Ke3 bxa4
47. Rxa4 Kd7 48. b4 axb4 49. cxb4 Kc6 50. Ra8 Rh5 51. Ra7 Rxh6 52. Rxf7 Kb5
53. Rb7+ Kc6 54. Rf7 Kb5 55. Rb7+ Kc6 56. Rf7 Kb5 57. Rb7+ 1/2-1/2

[Event "O Pohar mesta Ricany 2016"]
[Site "Kulturni centrum Labut, 17. Listopadu 214 25101 Ricany"]
[Date "2016.08.29"]
[Round "4.1"]
[White "Bures, Jaroslav"]
[Black "Krejci, Jan"]
[Result "0-1"]
[WhiteElo "2376"]
[BlackElo "2496"]
[PlyCount "0"]
[EventDate "2016.08.29"]

1. d4 {[%clk 1:30:36]} Nf6 {[%clk 1:30:54]} 2. c4 {[%clk 1:31:03]} e6
{[%clk 1:31:20]} 3. g3 {[%clk 1:31:30]} d5 {[%clk 1:29:50]} 4. Bg2
{[%clk 1:31:57]} Bb4+ {[%clk 1:29:25]} 5. Bd2 {[%clk 1:32:12]} Be7
{[%clk 1:29:45]} 6. Qc2 {[%clk 1:27:30]} O-O {[%clk 1:29:30]} 7. Nf3
{[%clk 1:24:48]} c6 {[%clk 1:29:18]} 8. O-O {[%clk 1:20:06]} Nbd7
{[%clk 1:29:37]} 9. Rd1 {[%clk 1:16:52]} b6 {[%clk 1:27:56]} 10. Be1
{[%clk 1:10:15]} Bb7 {[%clk 1:26:15]} 11. Nbd2 {[%clk 1:09:54]} Rc8
{[%clk 1:25:08]} 12. e4 {[%clk 1:09:20]} c5 {[%clk 1:18:54]} 13. e5
{[%clk 1:02:08]} Ne8 {[%clk 1:16:16]} 14. cxd5 {[%clk 0:51:49]} Bxd5
{[%clk 1:14:33]} 15. Rac1 {[%clk 0:49:56]} Nc7 {[%clk 1:05:29]} 16. dxc5
{[%clk 0:47:40]} Na6 {[%clk 1:03:07]} 17. a3 {[%clk 0:31:22]} Rxc5
{[%clk 1:01:08]} 18. Qd3 {[%clk 0:27:43]} Rxc1 {[%clk 0:51:37]} 19. Rxc1
{[%clk 0:28:04]} Nac5 {[%clk 0:52:02]} 20. Qd4 {[%clk 0:25:01]} Nb8
{[%clk 0:42:12]} 21. b4 {[%clk 0:18:48]} Nc6 {[%clk 0:42:19]} 22. Qe3
{[%clk 0:14:04]} Nd7 {[%clk 0:42:43]} 23. Nd4 {[%clk 0:13:30]} Nxd4
{[%clk 0:38:39]} 24. Qxd4 {[%clk 0:13:59]} Bxg2 {[%clk 0:34:01]} 25. Kxg2
{[%clk 0:14:28]} Qa8+ {[%clk 0:34:17]} 26. Kg1 {[%clk 0:11:32]} Rd8
{[%clk 0:34:34]} 27. Rc7 {[%clk 0:08:54]} Nf8 {[%clk 0:34:02]} 28. Qc4
{[%clk 0:07:42]} Rd7 {[%clk 0:30:34]} 29. Rxd7 {[%clk 0:04:57]} Nxd7
{[%clk 0:31:00]} 30. f4 {[%clk 0:05:16]} Qb7 {[%clk 0:29:35]} 31. Ne4
{[%clk 0:03:53]} b5 {[%clk 0:28:42]} 32. Qd3 {[%clk 0:03:56]} a6 {[%clk 0:24:31]}
33. Bf2 {[%clk 0:04:25]} Qc6 {[%clk 0:24:06]} 34. Kf1 {[%clk 0:03:55]} h6
{[%clk 0:23:57]} 35. Ke2 {[%clk 0:04:08]} f5 {[%clk 0:22:51]} 36. exf6
{[%clk 0:03:09]} Nxf6 {[%clk 0:23:12]} 37. Nxf6+ {[%clk 0:03:14]} Bxf6
{[%clk 0:23:18]} 38. h4 {[%clk 0:02:42]} h5 {[%clk 0:21:47]} 39. Qb3
{[%clk 0:01:10]} Kf7 {[%clk 0:21:39]} 40. Qd3 {[%clk 0:01:17]} g6
{[%clk 0:20:42]} 41. Bc5 {[%clk 0:01:34]} Qd5 {[%clk 0:20:33]} 42. Qxd5
{[%clk 0:00:47]} exd5 {[%clk 0:20:59]} 43. Kf3 {[%clk 0:00:47]} Ke6
{[%clk 0:20:06]} 44. g4 {[%clk 0:00:52]} Bxh4 {[%clk 0:19:43]} 45. f5+
{[%clk 0:01:16]} gxf5 {[%clk 0:19:42]} 46. gxh5 {[%clk 0:01:43]} Bg5
{[%clk 0:19:48]} 47. Ke2 {[%clk 0:01:34]} Bh6 {[%clk 0:18:51]} 48. Kd3
{[%clk 0:01:19]} f4 {[%clk 0:18:59]} 49. Ke2 {[%clk 0:01:09]} Kf5
{[%clk 0:18:54]} 50. Kf3 {[%clk 0:01:38]} Kg5 {[%clk 0:19:07]} 51. Bd6
{[%clk 0:02:06]} Kf5 {[%clk 0:18:00]} 52. Bc5 {[%clk 0:02:34]} Ke5
{[%clk 0:17:53]} 53. Ba7 {[%clk 0:02:18]} d4 {[%clk 0:17:51]} 54. Bb8+
{[%clk 0:02:21]} Kf5 {[%clk 0:18:20]} 55. Bc7 {[%clk 0:02:27]} d3
{[%clk 0:18:36]} 56. Bb8 {[%clk 0:02:55]} d2 {[%clk 0:18:40]} 0-1

[Event "O Pohar mesta Ricany 2016"]
[Site "Kulturni centrum Labut, 17. Listopadu 214 25101 Ricany"]
[Date "2016.08.29"]
[Round "4.2"]
[White "Vojta, Tomas"]
[Black "Balacek, Tadeas"]
[Result "1/2-1/2"]
[WhiteElo "2384"]
[BlackElo "2298"]
[PlyCount "0"]
[EventDate "2016.08.29"]

1. Nf3 {[%clk 1:30:53]} Nf6 {[%clk 1:30:08]} 2. g3 {[%clk 1:30:57]} d5
{[%clk 1:30:25]} 3. Bg2 {[%clk 1:28:40]} c6 {[%clk 1:30:46]} 4. O-O
{[%clk 1:28:42]} Bg4 {[%clk 1:31:04]} 5. d4 {[%clk 1:27:23]} Nbd7
{[%clk 1:30:05]} 6. c3 {[%clk 1:24:04]} e6 {[%clk 1:26:28]} 7. Bf4
{[%clk 1:21:02]} Be7 {[%clk 1:21:12]} 8. Nbd2 {[%clk 1:19:00]} h6
{[%clk 1:20:13]} 9. Re1 {[%clk 1:14:54]} Bf5 {[%clk 1:15:40]} 10. Ne5
{[%clk 1:08:25]} g5 {[%clk 1:06:30]} 11. Nxd7 {[%clk 1:07:56]} Nxd7
{[%clk 1:06:45]} 12. Be3 {[%clk 1:07:59]} O-O {[%clk 0:59:20]} 13. f3
{[%clk 1:00:43]} Bg6 {[%clk 0:46:53]} 14. Bf2 {[%clk 0:59:36]} f5
{[%clk 0:42:11]} 15. e4 {[%clk 0:57:22]} fxe4 {[%clk 0:37:55]} 16. fxe4
{[%clk 0:57:19]} Nf6 {[%clk 0:38:22]} 17. h3 {[%clk 0:50:51]} Qd7
{[%clk 0:30:13]} 18. Qe2 {[%clk 0:45:43]} Bd8 {[%clk 0:29:48]} 19. Rf1
{[%clk 0:40:35]} Bc7 {[%clk 0:27:04]} 20. e5 {[%clk 0:39:38]} Nh7
{[%clk 0:26:30]} 21. Be3 {[%clk 0:38:10]} Rxf1+ {[%clk 0:23:25]} 22. Rxf1
{[%clk 0:38:02]} Rf8 {[%clk 0:23:53]} 23. Bf3 {[%clk 0:36:32]} Qe8
{[%clk 0:22:11]} 24. Kh2 {[%clk 0:33:06]} h5 {[%clk 0:20:01]} 25. g4
{[%clk 0:28:28]} h4 {[%clk 0:19:46]} 26. Bg2 {[%clk 0:28:35]} Bd8
{[%clk 0:19:54]} 27. Rxf8+ {[%clk 0:27:07]} Qxf8 {[%clk 0:19:45]} 28. Qf1
{[%clk 0:25:22]} Qe8 {[%clk 0:19:39]} 29. c4 {[%clk 0:21:44]} Be7
{[%clk 0:19:31]} 30. Qc1 {[%clk 0:20:01]} Qd8 {[%clk 0:18:50]} 31. a3
{[%clk 0:17:47]} Kf7 {[%clk 0:17:41]} 32. b4 {[%clk 0:16:21]} a6 {[%clk 0:17:24]}
33. c5 {[%clk 0:16:22]} Ke8 {[%clk 0:16:57]} 34. Bf1 {[%clk 0:16:30]} Kd7
{[%clk 0:16:52]} 35. Be2 {[%clk 0:15:52]} Nf8 {[%clk 0:16:38]} 36. Nf3
{[%clk 0:15:38]} Nh7 {[%clk 0:17:06]} 37. a4 {[%clk 0:15:21]} b5 {[%clk 0:14:45]}
38. Qa3 {[%clk 0:13:18]} Qb8 {[%clk 0:13:12]} 39. axb5 {[%clk 0:10:33]} axb5
{[%clk 0:13:35]} 40. Qa6 {[%clk 0:10:16]} Qc8 {[%clk 0:12:39]} 41. Qa3
{[%clk 0:09:55]} Kc7 {[%clk 0:10:17]} 42. Qa7+ {[%clk 0:09:03]} Qb7
{[%clk 0:09:40]} 43. Qa5+ {[%clk 0:09:05]} Kb8 {[%clk 0:09:34]} 44. Qa2
{[%clk 0:08:24]} Qa7 {[%clk 0:04:52]} 45. Qxa7+ {[%clk 0:04:29]} 1/2-1/2

[Event "O Pohar mesta Ricany 2016"]
[Site "Kulturni centrum Labut, 17. Listopadu 214 25101 Ricany"]
[Date "2016.08.29"]
[Round "4.3"]
[White "Kulhanek, Tomas"]
[Black "Hanl, Frantisek"]
[Result "1-0"]
[WhiteElo "2364"]
[BlackElo "2116"]
[PlyCount "0"]
[EventDate "2016.08.29"]

1. e4 e6 2. d4 d5 3. Nd2 Nf6 4. Bd3 c5 5. c3 cxd4 6. cxd4 Nc6 7. Ngf3 dxe4
8. Nxe4 Bb4+ 9. Nc3 O-O 10. O-O Ne7 11. a3 Bd6 12. Re1 Ned5 13. Ne5 b6 14. Qf3
Bb7 15. Qh3 g6 16. Bh6 Re8 17. Bb5 Re7 18. Nc6 Bxc6 19. Bxc6 Rc8 20. Bxd5 Nxd5
21. Bg5 Nxc3 22. bxc3 Qc7 23. Bxe7 Bxe7 24. d5 Qxc3 25. Qxc3 Rxc3 26. dxe6 fxe6
27. Rxe6 Bxa3 28. Re3 Rxe3 29. fxe3 Bc5 30. Rxa7 Bxe3+ 31. Kf1 Bf4 32. g3 Bd6
33. Rb7 Bc5 34. g4 h5 35. gxh5 gxh5 36. Kg2 h4 37. Kh3 Bf2 38. Kg4 Bg1 39. h3
Bf2 40. Kg5 Kf8 41. Kf6 Ke8 42. Ke6 Kd8 43. Rd7+ Kc8 44. Kd6 b5 45. Kc6 Bg3
46. Rh7 Kd8 47. Kxb5 Ke8 48. Kc6 Kd8 49. Kd5 Ke8 50. Ke6 Kd8 51. Rd7+ Kc8
52. Ke7 Bf2 53. Rd2 Bg3 54. Rc2+ Kb7 55. Ke6 Kb6 56. Kd5 Kb7 57. Rc4 Kb6 58. Ke4 Kb5 59. Rc8 Kb4 60. Kd5 Kb5 61. Rc6 Kb4 62. Rc5 Bf2 63. Rc4+ Kb3 64. Rg4 Kc3 65. Ke4 Bg3 66. Kf3 Kd3 67. Rxg3 hxg3 68. Kxg3 Ke4 69. Kg4 Ke5 70. Kg5 Ke6
71. Kg6 Ke7 72. Kg7 Ke6 73. h4 1-0